[Event "?"]
[Site "?"]
[Date "2008.02.17"]
[Round "1"]
[White "Paridar, Shadi (WGM)"]
[Black "Tajik, Sareh"]
[Result "0-1"]
[WhiteElo "2225"]
[BlackElo "1992"]
[PlyCount "76"]
[EventDate "2008.02.17"]
[SourceDate "2008.02.17"]

1. e4 e5 2. Bc4 Nf6 3. d3 Nc6 4. Nf3 Bc5 5. c3 a6 6. Nbd2 Ba7 7. h3 O-O 8. Bb3
d5 9. exd5 Nxd5 10. Ne4 f5 11. Ng3 Kh8 12. Ng5 Nf4 $1 13. Nxh7 Qxd3 14. Bxf4
Qxd1+ 15. Rxd1 Kxh7 16. Be3 Bxe3 17. fxe3 Na5 18. Bc2 Nc4 19. Ke2 Be6 20. b4
Na3 21. Bb3 Bxb3 22. axb3 Nb5 23. Rc1 Rad8 24. h4 g6 25. h5 g5 26. c4 Nd6 27.
c5 Nb5 28. Rhf1 f4 29. Ne4 Kh6 30. g4 fxe3 31. Ng3 $2 {Diagram #} Rf4 (31...
Nd4+ $3 32. Kxe3 Rf4) 32. Kxe3 Nd4 33. Rc3 Rdf8 34. Rg1 Rxg4 35. Kd2 Nf3+ 36.
Rxf3 Rxf3 37. Nf5+ Kxh5 38. Rh1+ Kg6 0-1

[Event "?"]
[Site "?"]
[Date "2008.02.17"]
[Round "1"]
[White "Pourkashiyan, Atousa (WIM)"]
[Black "Hametizadeh, N."]
[Result "1-0"]
[WhiteElo "2282"]
[BlackElo "1915"]
[PlyCount "83"]
[SourceDate "2008.02.17"]

1. e4 d6 2. d4 g6 3. Nc3 Bg7 4. f4 Nf6 5. Nf3 O-O 6. Bd3 c6 7. O-O Bg4 8. h3
Bxf3 9. Qxf3 Nbd7 10. e5 Ne8 11. Be3 Nc7 12. Rae1 Nb6 13. Ne4 dxe5 14. fxe5 Ne6
15. Qf2 Nd5 16. c3 f6 17. exf6 exf6 18. Bc1 f5 19. Nd2 Qf6 20. Nf3 Kh8 21. Ne5
Rad8 22. Re2 Ng5 23. Rfe1 Nf7 24. Nc4 Rd7 25. Re6 Qd8 26. Qe2 Nc7 27. Re7 Bf6
28. Rxd7 Qxd7 29. Kh1 Re8 30. Qf2 Rxe1+ 31. Qxe1 c5 32. Be3 cxd4 33. Bxd4 Bxd4
34. cxd4 Ne6 $2 {Diagram #} (34... Qxd4 35. Qe7 Kg7 36. Qxc7 b5 37. Bxf5 gxf5
38. Na3 $15) 35. Ne5 $1 Nxe5 36. Qxe5+ Ng7 37. Bb5 Qc8 38. d5 Kg8 $4 39. d6 $1
Qd8 40. d7 a6 41. Bc4+ Kh8 42. Qd5 1-0

[Event "?"]
[Site "?"]
[Date "2008.02.17"]
[Round "1"]
[White "Navabi, Shirin (WFM)"]
[Black "Salman Mahini , Mona (WFM)"]
[Result "1/2-1/2"]
[WhiteElo "2120"]
[BlackElo "2085"]
[PlyCount "137"]
[SourceDate "2008.02.17"]

1. d4 d5 2. Nf3 Nf6 3. c4 c6 4. e3 Bf5 5. Nc3 e6 6. Be2 Nbd7 7. Ne5 Nxe5 8.
dxe5 Ne4 9. Nxe4 Bxe4 10. f3 Bg6 11. O-O Bc5 12. cxd5 Qxd5 13. Qxd5 cxd5 14.
Bd2 Ke7 15. b4 Bb6 16. a4 d4 17. a5 dxe3 18. axb6 exd2 19. bxa7 Rhd8 20. Ra2
Rd5 21. Rd1 Rxe5 22. Rdxd2 Rd5 23. Rdb2 b6 24. Ra6 Rd7 25. Rba2 Rc7 26. Kf2 f6
27. Bb5 e5 28. R2a3 Bf5 29. Ra1 Bc8 30. R6a2 Be6 31. Ra6 Bc8 32. R6a2 Be6 33.
Ra3 h6 34. Bd3 f5 35. g4 e4 36. gxf5 exd3 37. fxe6 Kxe6 38. Ke3 Kf5 39. Kxd3
Rd8+ 40. Ke3 Ra8 41. Ra6 Re8+ 42. Kf2 Ra8 43. R1a2 h5 44. Rxb6 Raxa7 45. Rxa7
Rxa7 {Diagram #} 46. Rb5+ $2 (46. Kg3 $1 h4+ 47. Kxh4 Kf4 48. Kh5 Kxf3 49. b5
$18) 46... Kf4 47. Ra5 Rd7 48. Rxh5 Rd2+ 49. Ke1 Rb2 50. b5 g5 51. h4 Rxb5 52.
Rxg5 Rxg5 53. hxg5 Kxg5 54. Ke2 Kf4 55. Kf2 Kf5 56. Ke3 Ke5 57. f4+ Kf5 58. Kf3
Kf6 59. Kg4 Kg6 60. f5+ Kf6 61. Kf4 Kf7 62. Ke5 Ke7 63. f6+ Kf7 64. Kf5 Kf8 65.
Ke5 Kf7 66. Kf5 Kf8 67. Ke6 Ke8 68. f7+ Kf8 69. Kf6 1/2-1/2

[Event "?"]
[Site "?"]
[Date "2008.02.18"]
[Round "?"]
[White "Bayat, Shohreh (WFM)"]
[Black "Hakimifard, Ghazal (WFM)"]
[Result "1-0"]
[WhiteElo "2055"]
[BlackElo "2066"]
[PlyCount "115"]
[EventDate "2008.??.??"]
[SourceDate "2008.02.17"]

1. e4 e6 2. d4 b6 3. c4 Bb7 4. Nc3 Nf6 5. Bd3 Bb4 6. Qc2 O-O 7. Nge2 Kh8 8. O-O
d5 9. cxd5 exd5 10. e5 Ne8 11. f4 c5 12. Be3 Ba6 13. Bxa6 Nxa6 14. a3 Ba5 15.
f5 Nec7 16. f6 g6 17. Bh6 Re8 18. Bg7+ Kg8 19. Qd2 Qd7 20. Rf3 cxd4 21. Rh3 {
Diagram #} Qxh3 $8 22. gxh3 dxc3 23. Nxc3 Bxc3 24. Qxc3 Ne6 25. Bh6 Nac5 26.
Rd1 Red8 27. Be3 Rac8 28. Bd4 Ne4 29. Qb3 Rc7 30. h4 h5 31. Qd3 N4c5 32. Qe3
Nxd4 33. Rxd4 Ne6 34. Rd2 d4 35. Qh6 Rc1+ 36. Kf2 Rc5 37. Kg1 Rc1+ 38. Kf2 Rh1
39. Kf3 Rf1+ 40. Ke2 Rf4 41. Kd1 Rxh4 {Diagram #} 42. Rc2 $3 Rf4 43. Rc6 Rf1+
44. Kd2 Rf2+ 45. Ke1 Rxf6 46. exf6 Re8 47. Rxe6 Rxe6+ 48. Kd2 Rxf6 49. Kd3 Rf2
50. h4 Rxb2 51. Kxd4 Ra2 52. Qc1 Rg2 53. Kd5 Rf2 54. Qc3 Rf4 55. Qc7 Ra4 56.
Qe7 b5 57. Ke5 Ra6 58. Kf4 1-0

[Event "?"]
[Site "?"]
[Date "2008.02.18"]
[Round "1"]
[White "Alavi, Homa"]
[Black "Ghader Pour, Shayesteh (WIM)"]
[Result "0-1"]
[WhiteElo "1632"]
[BlackElo "2185"]
[PlyCount "122"]
[SourceDate "2008.02.17"]

1. d4 Nf6 2. Nf3 d5 3. Bg5 Nbd7 4. Nbd2 g6 5. e3 Bg7 6. Be2 O-O 7. h3 c5 8. c3
b6 9. O-O Bb7 10. Bf4 Ne8 11. b4 Nd6 12. bxc5 bxc5 13. Rb1 Bc6 14. c4 dxc4 15.
Nxc4 Nxc4 16. Bxc4 Nb6 17. Be2 Be4 18. Rc1 cxd4 19. exd4 Rc8 20. Rxc8 Qxc8 21.
Ng5 Bd5 22. Qd2 Qd7 23. Rc1 Bc6 24. Bf3 Nd5 25. Be3 e6 26. Ne4 Ba8 27. Bh6 Qe7
28. Bxg7 Kxg7 29. Nc3 Rd8 30. Qe1 Nxc3 31. Rxc3 Bxf3 32. Rxf3 Rd5 33. Qe3 Qb4
34. Rf4 Qb1+ 35. Kh2 Qxa2 36. Rh4 h5 37. g4 Qc2 38. gxh5 gxh5 39. Re4 Rf5 40.
Kg2 $4 Rxf2+ 41. Qxf2 Qxe4+ 42. Kh2 a5 43. Qg3+ Kh6 44. Qg8 Qf4+ 45. Kh1 a4 46.
Qh8+ Kg5 47. Qd8+ Qf6 48. Qa5+ Qf5 49. Qxa4 Qxh3+ 50. Kg1 Qg4+ 51. Kh2 Qf4+ 52.
Kh1 Qe4+ 53. Kg1 e5 54. Qe8 Qxd4+ 55. Kh1 Qe4+ 56. Kg1 Qf5 57. Qg8+ Kh4 58. Qa8
e4 59. Qb8 Qg4+ 60. Kf2 Qf3+ 61. Kg1 Qg3+ 0-1

[Event "Iranian Women Chess Championship"]
[Site "?"]
[Date "2008.02.19"]
[Round "3"]
[White "Navabi, Shirin (WFM)"]
[Black "Hakimifard, Ghazal (WFM)"]
[Result "0-1"]
[WhiteElo "2120"]
[BlackElo "2066"]
[PlyCount "84"]
[EventDate "2008.??.??"]
[TimeControl "40/18000:20/3600:1800"]

{78MB, Fritz11.ctg} 1. d4 d5 2. Nf3 Nf6 3. c4 e6 4. Nc3 Be7 5. Bf4 O-O 6. e3 c5
7. dxc5 Bxc5 8. cxd5 Nxd5 9. Nxd5 exd5 10. a3 Nc6 11. Bd3 d4 12. Bxh7+ Kxh7 13.
Qc2+ d3 14. Qxc5 Bg4 15. O-O Rc8 16. b4 Re8 17. Qd6 Qxd6 18. Bxd6 Red8 19. Bf4
f6 20. Nd2 Be2 21. Rfc1 Ne5 22. Rxc8 Rxc8 23. e4 g5 24. Be3 Ng4 25. Bxa7 Rc2
26. Nf1 d2 27. Nxd2 Rxd2 28. f3 Ne5 29. a4 Kg7 30. a5 Rb2 31. Rc1 Rxb4 32. Rc7+
Kg6 33. Bb6 Ba6 34. Rc2 Nd3 35. h3 Ne5 36. Kh2 Nc4 37. Bc7 Ra4 38. h4 gxh4 39.
Kh3 Nxa5 40. Rc5 Nc6 41. Kxh4 Rc4 42. Ra5 Nxa5 0-1

[Event "Iranian Women Chess Championship"]
[Site "?"]
[Date "2008.02.19"]
[Round "3"]
[White "Alavi, Homa"]
[Black "Salman Mahini, Mona (WFM)"]
[Result "1/2-1/2"]
[WhiteElo "1632"]
[BlackElo "2085"]
[PlyCount "148"]
[EventDate "2008.??.??"]
[TimeControl "40/18000:20/3600:1800"]

{78MB, Fritz11.ctg} 1. d4 d6 2. Nc3 e5 3. dxe5 dxe5 4. Qxd8+ Kxd8 5. Nf3 Nc6 6.
e4 Bd6 7. Be3 Nf6 8. O-O-O Ke7 9. Bg5 Be6 10. Nd5+ Bxd5 11. exd5 Nd8 12. Re1 h6
13. Bh4 g5 14. Nxe5 Kf8 15. Bg3 Nxd5 16. h4 Ne6 17. Bc4 Ndf4 18. Bxf4 Nxf4 19.
Nxf7 Rh7 20. Nxd6 cxd6 21. g3 Rc7 22. gxf4 Rxc4 23. fxg5 Rac8 24. c3 h5 25. Re6
d5 26. Kd2 d4 27. Rh3 dxc3+ 28. bxc3 Rd8+ 29. Kc2 Rf4 30. Rf6+ Rxf6 31. gxf6
Rd6 32. Rf3 Kf7 33. Rf5 Rxf6 34. Rxh5 Rxf2+ 35. Kb3 Kg6 36. Ra5 a6 37. Rc5 Rf7
38. a4 Rf6 39. Rc4 b6 40. Kb4 Kh5 41. a5 b5 42. Rd4 Rc6 43. Re4 Kg6 44. c4 bxc4
45. Rxc4 Re6 46. Kc5 Kf5 47. Rd4 Rh6 48. Rd5+ Ke4 49. Rd6 Rh5+ 50. Kb6 Rxh4 51.
Kxa6 Ke5 52. Rb6 Kd5 53. Ka7 Kc5 54. a6 Rh8 55. Rb8 Rh2 56. Rb7 Kc6 57. Ka8
Rh8+ 58. Rb8 Rh7 59. Rg8 Kb6 60. Rg6+ Kc7 61. Ka7 Rd7 62. Rb6 Kc8+ 63. Ka8 Rc7
64. Rb8+ Kd7 65. Rb7 Kc8 66. Ka7 Rc6 67. Rb3 Rc7+ 68. Kb6 Kb8 69. Rh3 Rc8 70.
Rh7 Rg8 71. Rh6 Rf8 72. Rc6 Rg8 73. a7+ Ka8 74. Ka6 Rg6 1/2-1/2

[Event "Iranian Women Chess Championship"]
[Site "?"]
[Date "2008.02.19"]
[Round "3"]
[White "Hemmatizadeh, Nina"]
[Black "Hejazipour, Mitra"]
[Result "0-1"]
[WhiteElo "1915"]
[BlackElo "2114"]
[PlyCount "170"]
[EventDate "2008.??.??"]
[TimeControl "40/18000:20/3600:1800"]

{78MB, Fritz11.ctg} 1. c4 e5 2. Nc3 Nf6 3. g3 d5 4. cxd5 Nxd5 5. Bg2 Nb6 6. d3
Nc6 7. Nf3 Be7 8. O-O O-O 9. a4 a5 10. Bd2 Be6 11. Nb5 f5 12. Bc3 Bf6 13. Re1
Qd7 14. Rc1 Nd5 15. Nd2 Rad8 16. Nb3 b6 17. Bd2 Kh8 18. Na1 Rc8 19. Nc2 Rfd8
20. Ne3 Nde7 21. Qc2 e4 22. Bc3 exd3 23. exd3 Bxc3 24. Qxc3 Nb4 25. Rcd1 c6 26.
Na3 Ned5 27. Nxd5 Nxd5 28. Qe5 Re8 29. Bh3 b5 30. Nc2 Qf7 31. Nd4 Bd7 32. Qd6
bxa4 33. Bg2 Nb4 34. Rxe8+ Rxe8 35. Bxc6 Nxc6 36. Nxc6 Qb3 37. Rd2 Qb7 38. Ne5
Be6 39. d4 Qe4 40. Qc6 Qxc6 41. Nxc6 Bd5 42. Ne5 Rc8 43. f4 g6 44. Kf2 Rc1 45.
Nd3 Ra1 46. Rc2 a3 47. bxa3 Rxa3 48. Ke2 a4 49. Nb4 Be4 50. Ra2 Rxa2+ 51. Nxa2
Bd5 52. Nb4 a3 53. Nc2 a2 54. Kd2 Kg7 55. Kc3 Kf6 56. Kb4 Ke6 57. Kc5 Be4 58.
Na1 h6 59. h4 h5 60. Nb3 Bc2 61. Na1 Bd1 62. Kc6 Ba4+ 63. Kc5 Kd7 64. Kd5 Bd1
65. Kc5 Ke6 66. Kc6 Bf3+ 67. Kc5 Bd5 68. Nc2 Bb3 69. Na1 Ba4 70. d5+ Kd7 71. d6
Ke6 72. Kc4 Kxd6 73. Kd4 Kc6 74. Kc4 Bd1 75. Kc3 Kc5 76. Kd2 Kd4 77. Kxd1 Ke3
78. Kc2 Kf3 79. Kb2 Kxg3 80. Kxa2 Kxh4 81. Nc2 Kg3 82. Ne3 Kxf4 83. Nf1 g5 84.
Kb2 g4 85. Kc2 g3 0-1

[Event "Iranian Women Chess Championship"]
[Site "?"]
[Date "2008.02.20"]
[Round "3"]
[White "Pourkashian, Atousa (WIM)"]
[Black "Ghader Pour, Shayesteh"]
[Result "1-0"]
[WhiteElo "2282"]
[BlackElo "2185"]
[PlyCount "103"]
[EventDate "2008.??.??"]
[TimeControl "40/18000:20/3600:1800"]

{78MB, Fritz11.ctg} 1. e4 c5 2. Nf3 d6 3. d4 cxd4 4. Nxd4 Nf6 5. Nc3 Nc6 6. Bc4
Bd7 7. O-O g6 8. Nd5 Nxd5 9. exd5 Ne5 10. Be2 Bg7 11. f4 Ng4 12. Bxg4 Bxg4 13.
Qxg4 Bxd4+ 14. Kh1 Bf6 15. f5 Qd7 16. c3 g5 17. Be3 h6 18. Rae1 Kf8 19. Bd4 Kg7
20. Re2 b5 21. Rfe1 Rae8 22. b3 Kh7 23. Qe4 Rc8 24. h3 Rc7 25. Qd3 Qd8 26. Qxb5
Bxd4 27. cxd4 Kg7 28. Re4 Kf6 29. Qe2 Qd7 30. Re6+ $6 (30. Qf3 $1 Qe8 31. h4
Qg8 32. Qe2 $18) 30... fxe6 31. fxe6 Qe8 32. Rf1+ Kg7 33. Rf7+ Qxf7 34. exf7
Rf8 35. b4 Rxf7 36. b5 Rf5 37. a4 Rxd5 38. Qe4 e6 39. a5 Rb7 40. Qxe6 Rbxb5 41.
a6 {Diagram #} Rxd4 $4 (41... Ra5 42. Qd7+ Kg6 43. Qxa7 Ra1+ 44. Kh2 Rda5 $14)
42. Qd7+ Kg6 43. Qxb5 Rf4 44. Qd3+ Kg7 45. Qxd6 Rf7 46. Kh2 Kh7 47. Kg3 Kg7 48.
Kg4 Rf4+ 49. Kg3 Rf7 50. Qe6 Rf8 51. Qe5+ Rf6 52. Qd4 1-0

[Event "Iranian Women Chess Championship"]
[Site "?"]
[Date "2008.02.25"]
[Round "4"]
[White "Ghaderpour, Shayesteh"]
[Black "Hemmatizadeh, Nina"]
[Result "0-1"]
[WhiteElo "2185"]
[BlackElo "1915"]
[PlyCount "130"]
[EventDate "2008.??.??"]

1. e4 g6 2. d4 Bg7 3. Nf3 d6 4. Be2 Nf6 5. Nc3 O-O 6. O-O Bg4 7. Be3 Nc6 8. d5
Nb8 9. Qd2 c6 10. Bh6 Nbd7 11. Bxg7 Kxg7 12. Rad1 Qb6 13. dxc6 bxc6 14. b3 Rfd8
15. Nd4 Bxe2 16. Qxe2 e5 17. Nf3 Qb4 18. Qe3 Nc5 19. Nd2 Ne6 20. Nc4 Nd4 21.
Rd2 Ng4 22. Qg3 Nh6 23. Rfd1 f6 24. Nb1 Qb8 25. c3 Nb5 26. b4 d5 27. exd5 cxd5
28. Rxd5 Nd4 29. Rxd8 Ne2+ 30. Kf1 Nxg3+ 31. hxg3 Qxd8 32. Rxd8 Rxd8 33. Ke2
Nf5 34. Nbd2 h5 35. Nb3 h4 36. gxh4 Nxh4 37. Nc5 Kf7 38. g3 Nf5 39. a4 Nd6 40.
Na5 Rc8 41. Kd3 f5 42. Nab3 g5 43. Nd2 f4 44. c4 a5 45. Nde4 Nxe4 46. Nxe4 Rd8+
47. Kc3 axb4+ 48. Kxb4 fxg3 49. fxg3 g4 50. a5 Ke7 51. a6 Kd7 52. Kc5 Kc7 53.
Nf6 Rd4 54. Nd5+ Kb8 55. Nb4 Ka8 56. Nc6 Rd3 57. Nxe5 Rxg3 58. Kd6 Rg1 59. c5
g3 60. c6 Rd1+ 61. Ke7 Kb8 62. a7+ Kxa7 63. Nd7 g2 64. c7 Kb7 65. Kd8 Rc1 0-1

[Event "Iranian Women Chess Championship"]
[Site "?"]
[Date "2008.02.25"]
[Round "4"]
[White "Tajik, Sareh"]
[Black "Pourkashiyan, Atousa"]
[Result "1/2-1/2"]
[WhiteElo "1992"]
[BlackElo "2285"]
[PlyCount "138"]
[EventDate "2008.??.??"]

1. e4 c5 2. d3 e6 3. g3 d6 4. Nf3 Nf6 5. Bg2 Nc6 6. O-O Be7 7. Re1 Rb8 8. c3
O-O 9. d4 Qc7 10. Nbd2 b5 11. Nf1 Bb7 12. Qe2 Qb6 13. Qd3 Rbc8 14. Bd2 d5 15.
e5 Ne4 16. Rad1 a5 17. h4 a4 18. Bg5 Nxg5 19. Nxg5 Bxg5 20. hxg5 cxd4 21. cxd4
Nb4 22. Qd2 Nc2 23. Re2 b4 24. Ne3 b3 25. axb3 axb3 26. f4 Rc7 27. Rf2 Rfc8 28.
f5 Nxe3 29. Qxe3 exf5 30. Rf3 Rc2 31. Qxb3 Rxb2 32. Qxb6 Rxb6 33. Rxf5 Rc7 34.
Rf2 Kf8 35. Bh3 Rg6 36. Rdf1 Rxg5 37. Be6 f6 38. exf6 Rxg3+ 39. Kh2 Rg6 40.
fxg7+ Kxg7 41. Rf7+ Rxf7 42. Rxf7+ Kh6 43. Bf5 Rg7 44. Rf8 Kg5 45. Kg3 Rc7 46.
Kf2 h5 47. Bd3 Rc3 48. Rg8+ Kh4 49. Be2 Bc8 50. Bf3 Rc2+ 51. Ke3 Be6 52. Rh8
Bf7 53. Rh7 Bg6 54. Rd7 Rc3+ 55. Kf4 Be4 56. Bxe4 dxe4 57. Kxe4 Kg3 58. Rg7+
Kh3 59. d5 Rc1 60. d6 Rd1 61. Ke5 h4 62. Ke6 Kh2 63. d7 h3 64. Rg8 Kh1 65. d8=Q
Rxd8 66. Rxd8 h2 67. Rh8 Kg2 68. Kf5 h1=Q 69. Rxh1 Kxh1 1/2-1/2

[Event "Iranian Women Chess Championship"]
[Site "?"]
[Date "2008.02.25"]
[Round "4"]
[White "Bayat, Shohreh"]
[Black "Alavi, Homa"]
[Result "1-0"]
[WhiteElo "2055"]
[BlackElo "1632"]
[PlyCount "37"]
[EventDate "2008.??.??"]

1. e4 c5 2. Nf3 e6 3. c3 Nf6 4. e5 Nd5 5. Bc4 d6 6. O-O dxe5 7. Nxe5 Bd6 8. d4
O-O 9. Nd2 cxd4 10. cxd4 Qc7 11. Re1 Nc6 12. Nef3 Nf6 13. Ne4 Nxe4 14. Rxe4 e5
15. dxe5 Nxe5 16. Nxe5 Bxe5 17. Qh5 Bf6 18. Bf4 Qb6 19. Qxf7+ 1-0

[Event "Iranian Women Chess Championship"]
[Site "?"]
[Date "2008.02.25"]
[Round "4"]
[White "Hakimifard, Ghazal"]
[Black "Hejazipour, Mitra"]
[Result "0-1"]
[WhiteElo "2066"]
[BlackElo "2114"]
[PlyCount "94"]
[EventDate "2008.??.??"]

1. e4 c5 2. Nf3 d6 3. d4 cxd4 4. Nxd4 Nf6 5. Nc3 a6 6. Be3 e6 7. g4 h6 8. f4
Nc6 9. Qf3 e5 10. Nf5 g6 11. g5 gxf5 12. gxf6 fxe4 13. Qxe4 Be6 14. O-O-O Qxf6
15. Bh3 Bxh3 16. Nd5 Qd8 17. Bb6 Qh4 18. Nc7+ Kd7 19. Nxa8 Qxf4+ 20. Qxf4 exf4
21. Bf2 Be7 22. Nb6+ Ke6 23. Rhe1+ Ne5 24. Nc4 Rc8 25. Rd4 Bf5 26. c3 b5 27.
Nb6 Rc5 28. Rd2 f3 29. Bxc5 dxc5 30. Nd7 f6 31. Nb6 c4 32. Nd7 Bd3 33. Nxe5
fxe5 34. Rf2 Bh4 35. Rxe5+ Kxe5 36. Rxf3 Bg5+ 37. Kd1 Bf4 38. Rf2 h5 39. b3 h4
40. bxc4 bxc4 41. Rb2 h3 42. Ke1 Be4 43. a4 Bg2 44. Rb6 Bxh2 45. Rxa6 Bg3+ 46.
Ke2 h2 47. Ra5+ Ke4 0-1

[Event "Iranian Women Chess Championship 1386"]
[Site "?"]
[Date "2008.02.21"]
[Round "5"]
[White "Hejazipour, Mitra"]
[Black "Ghaderpour, Shayeste"]
[Result "0-1"]
[WhiteElo "2114"]
[BlackElo "2185"]
[PlyCount "84"]
[EventDate "2008.??.??"]

1. d4 Nf6 2. c4 e6 3. Nc3 Bb4 4. Qc2 c5 5. dxc5 Bxc5 6. Nf3 Qb6 7. e3 a6 8. a3
Qc7 9. Bd3 Be7 10. O-O b6 11. b4 Bb7 12. e4 d6 13. Bb2 O-O 14. Rac1 Nbd7 15.
Rfd1 Rac8 16. Qd2 Ne5 17. Nxe5 dxe5 18. f3 Rfd8 19. Qf2 Nd7 20. Kh1 Qb8 21. Rb1
Bg5 22. Ba1 Qc7 23. Ne2 Nb8 24. Qg3 f6 25. Qf2 Rd7 26. Nc3 Nc6 27. Na4 Rcd8 28.
Be2 Nd4 29. c5 Nxe2 30. Qxe2 Rd2 31. Qf1 b5 32. Nb6 f5 33. Bc3 Rxd1 34. Rxd1
fxe4 35. fxe4 Bf4 36. Rxd8+ Qxd8 37. Qe2 Qh4 38. g3 Bxg3 39. Kg1 Bxe4 40. c6
Bxc6 41. Qa2 Bxh2+ 42. Qxh2 Qg4+ 0-1

[Event "Iranian Women Chess Championship 1386"]
[Site "?"]
[Date "2008.02.21"]
[Round "5"]
[White "Alavi, Homa"]
[Black "Navabi, Shirin"]
[Result "1-0"]
[WhiteElo "1632"]
[BlackElo "2120"]
[PlyCount "84"]
[EventDate "2008.??.??"]

1. d4 d6 2. Nf3 g6 3. Bf4 Bg7 4. e4 Bg4 5. c3 Nd7 6. Bc4 e5 7. dxe5 dxe5 8. Be3
Nb6 9. Qxd8+ Rxd8 10. Bb3 Bxf3 11. gxf3 Nf6 12. O-O Nh5 13. a4 O-O 14. Na3 a6
15. a5 Nc8 16. Nc4 Nf4 17. Rfd1 Ne6 18. Ba4 Ne7 19. Bd7 Nc6 20. Rd5 Ne7 21. Rd2
Nc6 22. Rad1 Ned4 23. cxd4 Rxd7 24. d5 Nd8 25. Bc5 Re8 26. d6 Ne6 27. Be3 Rc8
28. b3 Kf8 29. dxc7 Rxd2 30. Rxd2 Rxc7 31. Bb6 Rc6 32. Rd7 Rc8 33. Rxb7 Nd4 34.
Bc7 Nxf3+ 35. Kg2 Ne1+ 36. Kf1 Nd3 37. Nd6 Ra8 38. Bb6 f5 39. exf5 Nf4 40. f6
Bh8 41. f7 Bg7 42. Bc5 Rc8 1-0

[Event "Iranian Women Chess Championship 1386"]
[Site "?"]
[Date "2008.02.21"]
[Round "5"]
[White "Pourkashiyan, Atousa"]
[Black "Salman Mahini, Mona"]
[Result "1-0"]
[WhiteElo "2285"]
[BlackElo "2085"]
[PlyCount "55"]
[EventDate "2008.??.??"]

1. e4 c5 2. Nf3 d6 3. d4 cxd4 4. Nxd4 Nf6 5. Nc3 Nc6 6. Bc4 e6 7. Be3 Be7 8.
O-O a6 9. Bb3 Na5 10. f4 Nxb3 11. axb3 O-O 12. Kh1 Qc7 13. f5 e5 14. Nde2 b5
15. Bg5 Bb7 16. Bxf6 Bxf6 17. Ng3 Bg5 18. f6 Bxf6 19. Rxf6 gxf6 20. Qg4+ Kh8
21. Qh4 Qd8 22. Nh5 Rg8 23. Nxf6 Rg7 24. Rf1 b4 25. Nd1 Bc8 26. Ne3 Qb6 27. Nh5
Qxe3 28. Qd8+ 1-0

[Event "Iranian Women Chess Championship 1386"]
[Site "?"]
[Date "2008.02.21"]
[Round "5"]
[White "Hemmatizadeh, Nina"]
[Black "Tajik, Sareh"]
[Result "1-0"]
[WhiteElo "1915"]
[BlackElo "1992"]
[PlyCount "77"]
[EventDate "2008.??.??"]

1. c4 e6 2. Nc3 d5 3. cxd5 exd5 4. d4 c6 5. Qc2 Be7 6. Bf4 Na6 7. a3 Nc7 8. e3
Nf6 9. Bd3 Ne6 10. Bg3 g6 11. Nge2 Ng7 12. f3 Nf5 13. Bf2 O-O 14. O-O Re8 15.
Rad1 Ng7 16. e4 dxe4 17. fxe4 Ng4 18. h3 Nxf2 19. Rxf2 Bh4 20. Rf3 Ne6 21. Bc4
Ng5 22. Re3 Nxh3+ 23. Rxh3 Bxh3 24. gxh3 Qg5+ 25. Kh2 Bf2 26. Rf1 Bxd4 27.
Bxf7+ Kg7 28. Bxe8 Be5+ 29. Kh1 Rxe8 30. Qd3 Re6 31. Qd7+ Re7 32. Qg4 Qd2 33.
Qf3 Qd8 34. Nf4 Qe8 35. Nfe2 c5 36. Nd5 Re6 37. Nef4 Bxf4 38. Nxf4 Rxe4 39.
Nh5+ 1-0

[Event "Iranian Women Chess Championship 1386"]
[Site "?"]
[Date "2008.02.21"]
[Round "6"]
[White "Tajik, Sareh"]
[Black "Hejazipour, Mitra"]
[Result "1-0"]
[WhiteElo "1992"]
[BlackElo "2114"]
[PlyCount "79"]
[EventDate "2008.??.??"]

1. e4 e5 2. Nf3 Nc6 3. Nc3 Nf6 4. Bb5 Bc5 5. O-O O-O 6. Nxe5 Nxe5 7. d4 Bd6 8.
f4 Nc6 9. e5 Bb4 10. d5 Nxd5 11. Nxd5 Bc5+ 12. Be3 Bxe3+ 13. Nxe3 Qe7 14. Bd3
Qc5 15. Qf3 d5 16. exd6 Qxd6 17. Qh5 g6 18. Qh6 f5 19. Rad1 Qf6 20. Bc4+ Be6
21. Nd5 Qf7 22. Rfe1 Kh8 23. Nf6 Rad8 24. Rxd8 Nxd8 25. Nxh7 Qg7 26. Qxg7+ Kxg7
27. Nxf8 Bxc4 28. Nd7 Ne6 29. b3 Bd5 30. c4 Be4 31. g3 b6 32. Kf2 c5 33. Rd1
Nd4 34. b4 Ne6 35. bxc5 bxc5 36. Rd6 Kf7 37. Ne5+ Kf6 38. Nxg6 Kxg6 39. Rxe6+
Kh5 40. Rxe4 1-0

[Event "Iranian Women Chess Championship 1386"]
[Site "?"]
[Date "2008.02.22"]
[Round "6"]
[White "Bayat, Shohreh"]
[Black "Pourkashiyan, Atousa"]
[Result "0-1"]
[WhiteElo "2055"]
[BlackElo "2285"]
[PlyCount "126"]
[EventDate "2008.??.??"]

1. e4 c5 2. Nf3 e6 3. c3 Nf6 4. e5 Nd5 5. Bc4 d6 6. O-O Nc6 7. d4 cxd4 8. cxd4
Be7 9. Bd2 O-O 10. Nc3 Nxc3 11. Bxc3 a6 12. exd6 Qxd6 13. d5 exd5 14. Qxd5 Bg4
15. Ne5 Nxe5 16. Qxe5 Qxe5 17. Bxe5 Rac8 18. Rac1 Rfd8 19. Bb3 Bc5 20. h3 Bh5
21. Bc3 Kf8 22. g4 Bg6 23. Rfe1 b6 24. Kg2 Bd3 25. Rcd1 a5 26. Rd2 Bb5 27.
Rxd8+ Rxd8 28. Rd1 Re8 29. Rd2 h6 30. Bd5 Re1 31. Bf3 Re8 32. Rd1 Bc4 33. b3
Be6 34. Bd4 Bxd4 35. Rxd4 Ke7 36. b4 Rc8 37. bxa5 bxa5 38. a3 Rc3 39. Ra4 Rc5
40. Rd4 Kf6 41. Rd3 Ke5 42. Kg3 Rc1 43. Bg2 g5 44. h4 Rc4 45. Re3+ Kd6 46. f3
Rd4 47. hxg5 hxg5 48. Bf1 Rf4 49. Bb5 Bd5 50. Rc3 Ke5 51. a4 Kd4 52. Rd3+ Kc5
53. Rc3+ Kb4 54. Re3 f6 55. Bd7 Bb3 56. Bc6 Bxa4 57. Re4+ Rxe4 58. Bxe4 Bb3 59.
Bc6 Kc5 60. Be8 a4 61. Bxa4 Bxa4 62. f4 Kd4 63. fxg5 fxg5 0-1

[Event "Iranian Women Chess Championship 1386"]
[Site "?"]
[Date "2008.02.22"]
[Round "6"]
[White "Hakimifard, Ghazal"]
[Black "Ghaderpour, Shayesteh"]
[Result "1/2-1/2"]
[WhiteElo "2066"]
[BlackElo "2185"]
[PlyCount "122"]
[EventDate "2008.??.??"]

1. e4 e5 2. Nf3 d6 3. d4 exd4 4. Nxd4 Nf6 5. Nc3 Be7 6. Bc4 O-O 7. O-O Re8 8.
f3 c6 9. Bb3 Na6 10. Be3 Nc5 11. Bc4 d5 12. exd5 cxd5 13. Bb5 Bd7 14. Qd2 a6
15. Bxd7 Qxd7 16. Rad1 Rac8 17. Rfe1 b5 18. a3 h6 19. Bf2 Bd6 20. Nde2 Qc7 21.
Bg3 Bxg3 22. Nxg3 Rxe1+ 23. Rxe1 Ne6 24. Nxd5 Nxd5 25. Qxd5 Qa7+ 26. Kh1 Rxc2
27. Qd1 Rxb2 28. Ne4 Qd4 29. Qc1 Rb3 30. Qc8+ Kh7 31. Qxa6 Qe3 32. Rg1 Nd4 33.
Qc8 Rxa3 34. Qd7 Ra6 35. Qxf7 Rg6 36. Ng3 Ne2 37. Nxe2 Qxe2 38. Qf5 b4 39. Qb1
Qd2 40. g3 h5 41. Rd1 Qe3 42. Rd6 Qxf3+ 43. Kg1 Qe3+ 44. Kh1 Qf3+ 45. Kg1 Qe3+
46. Kh1 Qg5 47. Rxg6 Qxg6 48. Qxb4 Qc6+ 49. Kg1 Qc1+ 50. Kg2 Qc2+ 51. Kg1 Qd1+
52. Kg2 Qe2+ 53. Kg1 Qf3 54. Qb1+ g6 55. Qb4 Qe3+ 56. Kg2 Qe2+ 57. Kg1 Qe3+ 58.
Kg2 Kg7 59. Qb7+ Kf6 60. Qd5 Qe2+ 61. Kg1 Qg4 1/2-1/2

[Event "Iranian Women Chess Championship 1386"]
[Site "?"]
[Date "2008.02.22"]
[Round "6"]
[White "Salman Mahini, Mona"]
[Black "Hemmatizadeh, Nina"]
[Result "1-0"]
[WhiteElo "2085"]
[BlackElo "1915"]
[PlyCount "139"]
[EventDate "2008.??.??"]

1. e4 g6 2. d4 Bg7 3. g3 d6 4. Bg2 c5 5. c3 cxd4 6. cxd4 Nf6 7. Ne2 O-O 8. O-O
e5 9. Nbc3 Nc6 10. d5 Ne7 11. h3 Ne8 12. Be3 f5 13. Qd2 Nf6 14. Rac1 fxe4 15.
g4 b6 16. Nxe4 Nfxd5 17. Bg5 Bb7 18. Rfd1 Kh8 19. Rc2 Qd7 20. Bxe7 Qxe7 21.
Nxd6 Qxd6 22. Bxd5 Bxd5 23. Qxd5 Qf6 24. Nc3 Rad8 25. Qg2 Rd4 26. Re1 Rfd8 27.
Rce2 Qf4 28. Ne4 Rd1 29. Qg3 Qc1 30. Qc3 Qb1 31. a3 Qd3 32. Qxd3 R8xd3 33. Rxd1
Rxd1+ 34. Kg2 Rd4 35. Rc2 Rxe4 36. Rc8+ Bf8 37. Rxf8+ Kg7 38. Ra8 Ra4 39. Re8
Kf6 40. Rh8 Kg7 41. Rc8 Kf6 42. Kg3 h5 43. Rc6+ Kg5 44. h4+ Kh6 45. f3 Kg7 46.
Re6 Ra5 47. g5 Kf7 48. Rf6+ Kg7 49. Rd6 Kf7 50. Rd7+ Kf8 51. f4 exf4+ 52. Kxf4
Rf5+ 53. Ke4 Ra5 54. b4 Rxa3 55. Ke5 Rf3 56. Rxa7 Rf5+ 57. Ke6 Rf4 58. b5 Rxh4
59. Kf6 Rf4+ 60. Kxg6 h4 61. Rb7 h3 62. Rxb6 h2 63. Rb8+ Ke7 64. Rh8 Rf2 65. b6
Rb2 66. Kg7 Rxb6 67. Rxh2 Re6 68. g6 Ke8 69. Kh7 Re7+ 70. g7 1-0

[Event "Iranian Women Chess Championship"]
[Site "?"]
[Date "2008.02.22"]
[Round "7"]
[White "Pourkashiyan, Atousa"]
[Black "Navabi, Shirin"]
[Result "1-0"]
[WhiteElo "2285"]
[BlackElo "2120"]
[PlyCount "69"]
[EventDate "2008.??.??"]

1. e4 g6 2. d4 Bg7 3. c3 d6 4. Bg5 Nd7 5. Nf3 c5 6. Bc4 Qb6 7. Qc2 e6 8. O-O
cxd4 9. cxd4 Bxd4 10. Nxd4 Qxd4 11. Na3 a6 12. Be3 Qf6 13. Rad1 Qe7 14. Bd2 b6
15. Bf4 e5 16. Bd5 Rb8 17. Nc4 exf4 18. Nxd6+ Qxd6 19. Bxf7+ Kxf7 20. Rxd6 Ngf6
21. Rfd1 Re8 22. f3 a5 23. Qc7 Re7 24. Rxf6+ Kxf6 25. Rxd7 Bxd7 26. Qxf4+ Kg7
27. Qxb8 b5 28. Qd8 Kf7 29. Qxa5 Re6 30. b3 Rd6 31. a4 Rd1+ 32. Kf2 bxa4 33.
bxa4 Ra1 34. Qc7 Ke6 35. a5 1-0